| 000 | 00813nas a2200253 4500 | ||
|---|---|---|---|
| 001 | BR0201590 | ||
| 003 | BR-BrBNA | ||
| 005 | 20231205102834.0 | ||
| 007 | ta | ||
| 008 | 230509b bl.|||p| |||| 00| 00por d | ||
| 040 |
_aBR-BrBNA _bpor _cBiblioteca Nacional de Agricultura |
||
| 041 | _a(Pt) | ||
| 072 | _aF01 | ||
| 100 | 1 | _aReis, V.C.S. | |
| 100 | 1 | _aCastro Neto, M.T. de | |
| 100 | 1 | _aSoares, J.M. | |
| 245 | 1 | _aEfeito da aplicação foliar do paclobutrazol na floração frutificação da mangueira (Mangifera indica L.)cv. "Tommy Atkins" | |
| 650 | _aManga | ||
| 650 | _aRegulador de Crescimento | ||
| 650 | _aBrotação Induzida | ||
| 773 | 0 |
_tMagistra (Brazil) _xISSN 0102-5333 _g(Jan-Dec 2000), v. 12(1-2) p. 11-18 _wBR0201590 |
|
| 909 |
_a202311 _bLúcia _c55 _dLúcia Elande |
||
| 942 |
_2AGRIS _n0 _cANA |
||
| 999 |
_c169619 _d169619 |
||